000 01716nam a2200409 c 4500
999 _c119721
_d119721
003 BLK
005 20230909100730.0
008 180409b bul|||||r ||||||| ||bul||
010 _aKNG00125336000
020 _a978-954-383-032-9
040 _aBLK
041 _aBUL
_cBUL
072 7 _2bullib
_aН92
_xИстория Н
080 _aИстория на Втората световна война (1939-1945)
_b94(100)"1939/1945"
_z94(100)"1939/1945"
080 _aВоенна история - Военни походи, битки, героични подвизи. Вж и 93/99
_b355.48
_x(497.2)
_z355.48(497.2)
100 1 _aКалонкин, Марин Нанков
_eпърви автор
_9370907
139 _aКалонкин, Марин Нанков
_bК 18
245 1 0 _aБългария във Втората световна война 1939-1945 година
_cМарин Нанков Калонкин.
257 _aBGR
260 _bАСКОНИ-ИЗДАТ
_c2010
_fСофия : Симолини
300 _a447 с.
_bс ил., факс., к.
_c22 см
380 _a9
500 _a500 тир. - Библиогр. с. 382-385.
650 4 _aВтора световна война - участие на България
_9252373
651 4 _aБългария
_9241624
653 _aВтора световна война
653 _aбългарска история
653 _aвоенна история
659 _aН
852 _aЦб 252673
856 4 _qpdf
856 4 _qpdf
942 _cKNG
_n0
_04
_s1
944 _aCR
_c25.08.2011
_lЦветомила Тодорова
_k30576
944 _aED
_c13.05.2015
_lф /
_kЛюдмила_Стоянова
999 _d119721